Muhurthachinthamani/ (Record no. 29628)

000 -LEADER
fixed length control field 00342nam a22001451a 4500
020 ## - INTERNATIONAL STANDARD BOOK NUMBER
ISBN 9789381632093
082 ## - DEWEY DECIMAL CLASSIFICATION NUMBER
Classification number S 133.5
Item number SIV/M
100 ## - MAIN ENTRY--AUTHOR NAME
Personal name Shivalochan Jha
245 ## - TITLE STATEMENT
Title Muhurthachinthamani/
Statement of responsibility, etc by Shivalochan Jha
260 ## - PUBLICATION, DISTRIBUTION, ETC. (IMPRINT)
Place of publication New Delhi:
Name of publisher Satyam,
Year of publication 2012.
300 ## - PHYSICAL DESCRIPTION
Number of Pages 552p.
650 ## - SUBJECT ADDED ENTRY--TOPICAL TERM
Topical Term Astrology
650 ## - SUBJECT ADDED ENTRY--TOPICAL TERM
Topical Term Philosophy
942 ## - ADDED ENTRY ELEMENTS (KOHA)
Koha item type Book
Holdings
Withdrawn status Lost status Damaged status Not for loan Permanent Location Current Location Date acquired Cost, normal purchase price Full call number Accession Number Cost, replacement price Price effective from Koha item type
        Sree Sankaracharya University of Sanskrit Sree Sankaracharya University of Sanskrit 08.01.2015 795.00 S 133.5 SIV/M 072477 0.00 08.01.2015 Book